000 00188 a2200097 4500
020 _a9780439023528
041 _aeng
100 _aCollins, suzanne
245 _aThe hunger games
942 _cBK
999 _c6692
_d6692